Countries Starting With C - One Minute Sprint - Statistics

General Stats
  • This quiz has been taken 1,607 times
  • The average score is 10 of 16
Answer Stats
country % Correct
China
83%
Canada
79%
Colombia
77%
Cambodia
75%
Chile
74%
Croatia
72%
Cameroon
70%
Chad
68%
Czechia
63%
Comoros
62%
Cuba
62%
Costa Rica
57%
Cyprus
52%
Central African Republic
47%
Cabo Verde
45%
Côte d'Ivoire
24%
No matching quizzes found
Score Distribution
Percent of People with Each Score
Percentile by Number Answered
Your Score History
You have not taken this quiz